Statistics for British literature - main writers

Click here to take the quiz!

General Stats

  • This quiz has been taken 31 times
  • The average score is 20 of 49

Answer Stats

GroupAnswer% Correct
Nor Romantic / nor VictorianJane Austen
90%
The RomanticsJohn Keats
90%
The RomanticsLord Byron
90%
Augustan Age - proseMary Shelley
90%
The RomanticsWilliam Wordsworth
90%
Victorian AgeCharles Dickens
80%
The RomanticsPercy Shelley
80%
The RomanticsSamuel Taylor Coleridge
80%
The 20th centuryThomas Hardy
80%
Augustan Age - poetryWilliam Blake
80%
Victorian AgeGeorge Eliot
70%
The 20th centuryVirginia Woolf
70%
Victorian AgeAlfred Tennyson
60%
The 20th centuryJames Joyce
60%
Augustan Age - proseJonathan Swift
60%
The 20th centuryOscar Wilde
60%
Augustan Age - poetryAlexander Pope
40%
Augustan Age - proseDaniel Defoe
40%
Augustan Age - poetrySamuel Johnson
40%
Augustan Age - proseHenry Fielding
30%
The 20th centuryH. G. Wells
30%
Augustan Age - proseHorace Walpole
30%
Augustan Age - proseLaurence Sterne
30%
Victorian AgeLewis Carroll
30%
Augustan Age - poetryOliver Goldsmith
30%
Victorian AgeRobert Browning
30%
Augustan Age - poetryRobert Burns
30%
The 20th centuryRobert Louis Stevenson
30%
The 20th centuryRudyard Kipling
30%
Augustan Age - proseSamuel Richardson
30%
The RomanticsSir Walter Scott
30%
Augustan Age - proseAnn Radcliffe
20%
Victorian AgeBronte sisters
20%
Augustan Age - proseEdward Gibbon
20%
The 20th centuryGeorge Bernard Shaw
20%
Augustan Age - poetryGeorge Crabbe
20%
The 20th centuryJoseph Conrad
20%
Augustan Age - poetryThomas Gray
20%
The RomanticsThomas Moore
20%
Augustan Age - proseTobias Smollett
20%
Augustan Age - poetryWilliam Cowper
20%
Augustan Age - proseWilliam Godwin
20%
Victorian AgeEdward Fitzgerald
10%
Victorian AgeHerbert Spencer
10%
The 20th centuryJ. Galsworthy
10%
Victorian AgeJohn Ruskin
10%
Victorian AgeMatthew Arnold
10%
Victorian AgeThomas Carlyle
10%
The 20th centuryWalter Pater
10%

Score Distribution

Percentile by Number Answered

Percent of People with Each Score

Your Score History

You have not taken this quiz